Writing and identity: the discoursal construction of identity in academic writing
Gespeichert in:
| 1. Verfasser: | |
|---|---|
| Format: | Buch |
| Sprache: | Englisch |
| Veröffentlicht: |
Amsterdam
John Benjamins
1998
|
| Schriftenreihe: | Studies in Written Language and Literacy
|
| Schlagworte: | |
| Tags: |
Tag hinzufügen
Keine Tags, Fügen Sie den ersten Tag hinzu!
|
MARC
| LEADER | 00000nam a2200000 a 4500 | ||
|---|---|---|---|
| 001 | UCM0414 | ||
| 003 | CL-VaPUC | ||
| 008 | 020301e19980000NE |||||||||||||||||eng|d | ||
| 020 | |a 1556193238 | ||
| 082 | 0 | 4 | |a 808.04207 |b IVA |2 21 |
| 100 | |a Ivanic, Roz |e author |9 487081 | ||
| 245 | 1 | 0 | |a Writing and identity: the discoursal construction of identity in academic writing |
| 300 | |a 373 p | ||
| 942 | |c BK | ||
| 945 | |d 20020301 00:00:00 |a cmena | ||
| 260 | |a Amsterdam |b John Benjamins |c 1998 | ||
| 650 | 7 | |a INGLES - RETORICA |2 CL-VaPUC |9 318265 | |
| 650 | 7 | |a RETORICA - ASPECTOS PSICOLOGICOS |2 CL-VaPUC |9 454803 | |
| 650 | 0 | |a Educación lingüística |9 306506 | |
| 650 | 0 | |a Análisis del discurso |9 256696 | |
| 583 | |a last modification |c 20020301 00:00:00 |k Rodrigo Vera | ||
| 490 | 0 | |a Studies in Written Language and Literacy | |
| 999 | |c 299322 |d 299320 | ||
| 952 | |0 0 |1 0 |4 0 |6 808_042070000000000_IVA_1998 |7 0 |8 A |9 355796 |a FDOPOS |b FDOPOS |d 2019-11-21 |i 3790444 |o 808.04207 IVA 1998 |p 3790444 |r 2025-01-22 |w 2019-11-21 |y BK |k MLA | ||
| 952 | |0 0 |1 0 |4 0 |6 808_042070000000000_IVA_1998 |7 0 |8 A |9 355797 |a FDOPOS |b FDOPOS |d 2019-11-21 |i 387026K |o 808.04207 IVA 1998 |p 387026K |r 2025-01-22 |w 2019-11-21 |y BK |k MLA | ||
| 952 | |0 0 |1 0 |4 0 |6 808_042070000000000_IVA_1998 |7 0 |8 A |9 355798 |a FDOPOS |b FDOPOS |d 2019-11-21 |i 4039165 |o 808.04207 IVA 1998 |p 4039165 |r 2025-01-22 |w 2019-11-21 |y BK |k MLA | ||